| 000 | 01330cam3a220026500 4500 | ||
|---|---|---|---|
| 001 | qce00948022 | ||
| 005 | 20190830104352.0 | ||
| 008 | 750218s1964 is 000 0 eng u | ||
| 010 | _ahe 65001155 | ||
| 035 | _a(Sirsi) r112048 | ||
| 035 | _a(QCAT)lss00744805 | ||
| 035 | _a(UPRA)qce00948022 | ||
| 040 | _dUPRA | ||
| 100 | 1 |
_aHart, H. L. A. (Herbert Lionel Adolphus), 1907- _qHart, H. L. A. (Herbert Lionel Adolphus), 1907- _dHart, H. L. A. (Herbert Lionel Adolphus), 1907- _6A40718.1 |
|
| 245 | 1 | 4 |
_aThe morality of the criminal law : _btwo lectures / _cby H.L.A. Hart. |
| 260 |
_aJerusalem : _bMagnes Press, Hebrew University, _c1964. |
||
| 490 | 1 | _aHebrew University of Jerusalem. Lionel Cohen lectures, 10th ser., 1964 | |
| 504 | _aBibliographical footnotes. | ||
| 650 | 0 |
_aInsanity -- Jurisprudence -- Great Britain. _xInsanity -- Jurisprudence -- Great Britain. _zInsanity -- Jurisprudence -- Great Britain. _6S32707.1 |
|
| 650 | 0 |
_aCriminal liability -- Great Britain. _zCriminal liability -- Great Britain. _6S51553.1 |
|
| 650 | 0 |
_aLaw and ethics. _6S29010.1 |
|
| 810 | 2 |
_aUniversitah ha-`Ivrit bi-Yerushalayim. Lionel Cohen lectures ; _tUniversitah ha-`Ivrit bi-Yerushalayim. Lionel Cohen lectures ; _v10th ser., 1964. _6S11306.1 |
|
| 949 |
_aKD94 _wlcc _i33729001748214 _mMAIN _p2500 _tBOOK _lON-SHELF |
||
| 004 | 112048 | ||
| 999 |
_c185803 _d185803 |
||